| 000 | 02005nam0a2200373 4500 | ||
|---|---|---|---|
| 001 | RU\NLR\b_ik\199156 | ||
| 005 | 20250613194950.0 | ||
| 021 |
_aRU _b2012-94059 _96966 |
||
| 035 | _a(NLR Aleph) 009995024 | ||
| 090 |
_a9755592 _c9755592 |
||
| 100 | _a20130114d2012 |||y0rusy50 ca | ||
| 101 | 0 |
_aeng _droh |
|
| 102 | _aRU | ||
| 105 | _aa ||||||||| | ||
| 200 | 1 |
_aChemiluminescence initiated by laser-induced excitation of lanthanide and actinide ions in aqueous solutions _fI.N. Izosimov, N.G. Firsin, N.G. Gorshkov [et al.] |
|
| 210 |
_aДубна _cИздательский отдел Объединенного института ядерных исследований _d2012 |
||
| 215 |
_a10, [1] c. _cил. _d22 |
||
| 225 | 1 |
_aОбъединенный институт ядерных исследований, Дубна _vE6-2012-62 |
|
| 300 | _aНа 3-й с. обл.: Хемилюминесценция, инициированная при лазерном возбуждении ионов лантанидов и актинидов в водных растворах / Изосимов И.Н. и др. | ||
| 300 | _aРез. на рус. яз. | ||
| 320 | _aБиблиогр. в конце кн. (16 назв.) | ||
| 517 | 0 | _aХемилюминесценция, инициированная при лазерном возбуждении ионов лантанидов и актинидов в водных растворах | |
| 606 | 1 |
_aАктиноиды _xВодные растворы _xХемилюминесценция _92134747 _3RU\NLR\auth\661591671 |
|
| 606 | 1 |
_aЛантаноиды _xВодные растворы _xХемилюминесценция _92134749 _3RU\NLR\auth\661591672 |
|
| 686 | _aГ552.8 | ||
| 701 | 1 |
_aIzosimov _bI. N. _gIgor' Nikolaevič _4070 |
|
| 701 | 1 |
_aFirsin _bN. G. _4070 |
|
| 701 | 1 |
_aGorškov _bN. G. _4070 |
|
| 801 | 0 |
_aRU _bNLR _c20130114 _gRCR |
|
| 801 | 1 |
_aRU _bNLR _c20130114 |
|
| 942 | _cBOOK | ||
| 980 | _aNB | ||